Cristo en la fábrica / (Record no. 107533)

MARC details
000 -LEADER
campo de control de longitud fija 00654nam a2200205 i 4500
001 - NÚMERO DE CONTROL
campo de control 107533
003 - IDENTIFICADOR DE NÚMERO DE CONTROL
campo de control ES-MaACL
005 - FECHA Y HORA DE LA ÚLTIMA TRANSACCIÓN
campo de control 20251005063105.0
007 - CAMPO FIJO DE DESCRIPCIÓN FÍSICA--INFORMACIÓN GENERAL
campo de control de longitud fija t|
008 - DATOS DE LONGITUD FIJA--INFORMACIÓN GENERAL
campo de control de longitud fija 061121s1956 sp r ||||1| spa d
100 1# - ENTRADA PRINCIPAL--NOMBRE DE PERSONA
Nombre de persona Morcillo, Casimiro,
Fechas asociadas al nombre 1904-1971
9 (RLIN) 83188
245 10 - MENCIÓN DEL TÍTULO
Título Cristo en la fábrica /
Mención de responsabilidad, etc. Casimiro Morcillo González, Arzobispo de Zaragoza.
260 ## - PUBLICACIÓN, DISTRIBUCIÓN, ETC.
Lugar de publicación, distribución, etc. Madrid :
Nombre del editor, distribuidor, etc. Euramérica,
Fecha de publicación, distribución, etc. [1956?]
300 ## - DESCRIPCIÓN FÍSICA
Extensión 177 p. ;
Dimensiones 18.
490 1# - MENCIÓN DE SERIE
Mención de serie Bien común ;
Designación de volumen o secuencia 8
650 #7 - PUNTO DE ACCESO ADICIONAL DE MATERIA--TÉRMINO DE MATERIA
Término de materia o nombre geográfico como elemento de entrada Trabajo-
Subdivisión general Aspectos religiosos-
-- Cristianismo
Fuente del encabezamiento o término
9 (RLIN) 165799
830 0# - PUNTO DE ACCESO ADICIONAL DE SERIE-TÍTULO UNIFORME
Título uniforme Bien común ;
Designación de volumen o secuencia 8
9 (RLIN) 183448
852 ## - LOCALIZACIÓN
Ubicación ES-MaACL
Número de control de estantería C-12118
Sublocalización o colección R.40044
Holdings
Estatus retirado Estado de pérdida Estado de daño No para préstamo Biblioteca de origen Biblioteca actual Ubicación en estantería Fecha de adquisición Fuente de adquisición Total de préstamos Signatura topográfica completa Código de barras Visto por última vez Precio de reemplazo Tipo de ítem Koha
        Biblioteca del Ateneo de Madrid Biblioteca del Ateneo de Madrid Sala Palomar 17/01/2008     C-12118 1112225 23/02/2023 23/02/2023 Libro impreso